000 00874nam a2200253Ia 4500
003 OSt
005 20220923221708.0
006 a|||||r|||| 00| 0
007 ta
008 220922b |||||||| |||| 00| 0 hin d
024 _a199,394
037 _cTextual
040 _aARTS
_cARTS
_bhin
041 _2hin
_ahin
082 _aO15,2(Y15):g, 152N6
100 _aद्विवेदी, मीरा
245 0 _aआधुनिक संस्कृत महिला नाटककार
246 _aĀdhunik sanskṛut hinilā nāṭakakāra
260 _aदिल्ली
_b परिमल पब्लिकेशन्स
_c1996
300 _a343पृ.
_ccm.
650 _aसंस्कृत साहित्य
942 _hO15,2(Y15):g, 152N6
_cTEXL
_2CC
999 _c351141
_d351141